[Event "Karvina op"]
[Site "Karvina"]
[Date "2015.07.01"]
[Round "5"]
[White "Sobek, Jaroslav"]
[Black "Konecny, Vladimir"]
[Result "1-0"]
[WhiteElo "2281"]
[BlackElo "1871"]
[PlyCount "84"]
[EventDate "2015.06.27"]
[EventType "swiss"]
[EventRounds "9"]
[EventCountry "CZE"]
[SourceTitle "CBM 167 Extra"]
[Source "ChessBase"]
[SourceDate "2015.09.14"]
[SourceVersion "1"]
[SourceVersionDate "2015.09.14"]
[SourceQuality "1"]

1. d4 d5 2. Nf3 Nf6 3. g3 e6 4. Bg2 Be7 5. c4 c6 6. 0-0 0-0 7. Qc2 b6 8. Rd1 Bb7 9. cxd5 cxd5 10. Ne5 Nbd7 11. Nc6 Bxc6 12. Qxc6 Rc8 13. Qb5 Qc7 14. Nc3 Qb7 15. Qd3 h6 16. Bf4 Nh5 17. Bd2 Bb4 18. Nxd5 exd5 19. Bxb4 Rfe8 20. Rac1 Nhf6 21. e3 b5 22. Bh3 Rc4 23. Bd2 Ne4 24. b3 Rxc1 25. Rxc1 Nxd2 26. Qxd2 Rc8 27. Bg2 Nf6 28. Rc5 Rxc5 29. dxc5 b4 30. Qd4 a5 31. h3 Qc6 32. g4 g5 33. f4 Kh7 34. fxg5 hxg5 35. Qe5 Kg6 36. Qf5+ Kh6 37. h4 Nh7 38. Bxd5 Qxc5 39. hxg5+ Nxg5 40. Qf6+ Kh7 41. Qxg5 Qc1+ 42. Kh2 Qd2+ 1-0

[Event "Karvina op"]
[Site "Karvina"]
[Date "2015.06.29"]
[Round "3"]
[White "Ivanov, Mikhail M"]
[Black "Konecny, Vladimir"]
[Result "1-0"]
[WhiteElo "2397"]
[BlackElo "1871"]
[PlyCount "69"]
[EventDate "2015.06.27"]
[EventType "swiss"]
[EventRounds "9"]
[EventCountry "CZE"]
[SourceTitle "CBM 167 Extra"]
[Source "ChessBase"]
[SourceDate "2015.09.14"]
[SourceVersion "1"]
[SourceVersionDate "2015.09.14"]
[SourceQuality "1"]

1. Nf3 Nf6 2. c4 d6 3. d4 c5 4. Nc3 cxd4 5. Nxd4 Nc6 6. e4 Bd7 7. Be2 Nxd4 8. Qxd4 e5 9. Qd3 h6 10. 0-0 Bc6 11. Nd5 Be7 12. Qg3 Nxe4 13. Qxg7 Bf6 14. Nxf6+ Qxf6 15. Qxf6 Nxf6 16. f4 Nd7 17. fxe5 Nxe5 18. Bf4 Rg8 19. g3 Ke7 20. c5 f6 21. cxd6+ Kxd6 22. Bxh6 Rg6 23. Bf4 Ke7 24. Rae1 Bd5 25. Bh5 Rg7 26. Bxe5 Kd7 27. Re3 Bxa2 28. b3 Rg5 29. Be2 Rc8 30. h4 Rxe5 31. Rd1+ Rd5 32. Red3 Rxd3 33. Bxd3 Bxb3 34. Bc2+ Bd5 35. Bb3 1-0

[Event "Karvina op"]
[Site "Karvina"]
[Date "2014.07.02"]
[Round "5"]
[White "Konecny, Vladimir"]
[Black "Stehlik, Jiri"]
[Result "1-0"]
[WhiteElo "1863"]
[BlackElo "1998"]
[PlyCount "135"]
[EventDate "2014.06.28"]
[EventType "swiss"]
[EventRounds "9"]
[EventCountry "CZE"]
[SourceTitle "CBM 161 Extra"]
[Source "ChessBase"]
[SourceDate "2014.08.29"]
[SourceVersion "1"]
[SourceVersionDate "2014.08.29"]
[SourceQuality "1"]

1. d4 Nf6 2. Nf3 g6 3. c4 Bg7 4. Nc3 d6 5. e3 0-0 6. b3 e5 7. Be2 Re8 8. Bb2 e4 9. Nd2 Nbd7 10. Qc2 Qe7 11. h3 c6 12. g4 Nf8 13. g5 Nh5 14. 0-0-0 Bf5 15. Rdg1 Rac8 16. Qd1 a6 17. Bxh5 gxh5 18. Qxh5 b5 19. Qd1 bxc4 20. Nxc4 Nd7 21. Kb1 Rb8 22. d5 c5 23. Na5 Rbc8 24. Nc6 Qf8 25. Ne2 Bxb2 26. Kxb2 Ne5 27. Nxe5 Qg7 28. Kb1 Qxe5 29. Qd2 c4 30. Qd4 cxb3 31. axb3 Rc5 32. Qxe5 Rxe5 33. Nf4 Bd7 34. h4 Bb5 35. Rc1 Bd3+ 36. Kb2 Rxc1 37. Rxc1 Re8 38. Nxd3 exd3 39. Rd1 Re4 40. Kc3 Rxh4 41. Kxd3 Rb4 42. Kc3 Rb5 43. b4 Kg7 44. e4 a5 45. bxa5 Rxa5 46. Kd4 Ra4+ 47. Ke3 Kg6 48. Kf4 f6 49. gxf6 Kxf6 50. Rh1 Kg7 51. Rc1 Ra7 52. Rc6 Rf7+ 53. Kg3 Rd7 54. f4 Kf8 55. Rc8+ Kg7 56. Kg4 Kf6 57. Re8 Kg7 58. Re6 Kf7 59. Kg5 Kg7 60. f5 Kf8 61. Kh6 Kg8 62. Re8+ Kf7 63. Rh8 Kf6 64. Rxh7 Rd8 65. Kh5 Rg8 66. Rh6+ Ke5 67. Re6+ Kf4 68. Kh6 1-0

[Event "Karvina op"]
[Site "Karvina"]
[Date "2012.07.08"]
[Round "9"]
[White "Konecny, Vladimir"]
[Black "Stetz, Jan"]
[Result "1-0"]
[WhiteElo "1837"]
[BlackElo "1703"]
[PlyCount "84"]
[EventDate "2012.06.30"]
[EventType "swiss"]
[EventRounds "9"]
[EventCountry "CZE"]
[SourceTitle "EXT 2014"]
[Source "ChessBase"]
[SourceDate "2013.11.20"]
[SourceVersion "1"]
[SourceVersionDate "2013.11.20"]
[SourceQuality "1"]

1. d4 e6 2. c4 c5 3. e3 d5 4. cxd5 exd5 5. Nf3 Nf6 6. Nc3 a6 7. Bd3 c4 8. Bc2 Bb4 9. 0-0 0-0 10. Bd2 b5 11. a4 Bb7 12. Ne5 Nbd7 13. f4 Qe7 14. Rf3 Bxc3 15. bxc3 Nxe5 16. fxe5 Ne4 17. Qe1 Bc6 18. a5 f6 19. Bc1 Rf7 20. Ba3 Qe6 21. Bxe4 dxe4 22. Rg3 fxe5 23. Bc5 Rd8 24. Qe2 Rd5 25. Bb6 exd4 26. Bxd4 g6 27. h4 Bd7 28. h5 g5 29. Rh3 h6 30. Rh2 Rdf5 31. g4 Rf3 32. Rg2 Qe7 33. Qc2 Bc6 34. Kh2 Qf8 35. Kh1 Rf2 36. Rxf2 Rxf2 37. Qd1 Qf3+ 38. Qxf3 exf3 39. e4 Bxe4 40. Bxf2 Kf7 41. Bc5 Ke6 42. Re1 Ke5 1-0

[Event "Karvina op"]
[Site "Karvina"]
[Date "2012.07.02"]
[Round "3"]
[White "Konecny, Vladimir"]
[Black "Novosadova, Kristyna"]
[Result "0-1"]
[WhiteElo "1837"]
[BlackElo "2146"]
[PlyCount "56"]
[EventDate "2012.06.30"]
[EventType "swiss"]
[EventRounds "9"]
[EventCountry "CZE"]
[SourceTitle "EXT 2014"]
[Source "ChessBase"]
[SourceDate "2013.11.20"]
[SourceVersion "1"]
[SourceVersionDate "2013.11.20"]
[SourceQuality "1"]

1. d4 d5 2. c4 e5 3. cxd5 Qxd5 4. dxe5 Qxd1+ 5. Kxd1 Nc6 6. f4 Bf5 7. e3 0-0-0+ 8. Ke1 f6 9. exf6 Nxf6 10. Bd2 Bc5 11. Bb5 Rhe8 12. Bxc6 bxc6 13. Nc3 Bxe3 14. Bxe3 Rxe3+ 15. Nge2 Bd3 16. Kd2 Ng4 17. Ng3 Be4+ 18. Kc1 Bxg2 19. Rg1 Bf3 20. Nf5 Red3 21. Nh4 Nxh2 22. Kc2 g6 23. Rae1 R3d4 24. Re7 R8d7 25. Rxd7 Kxd7 26. Nxf3 Nxf3 27. Rh1 h5 28. Ne2 Rd2+ 0-1

[Event "Karvina op"]
[Site "Karvina"]
[Date "2012.07.01"]
[Round "2"]
[White "Cech, Jan"]
[Black "Konecny, Vladimir"]
[Result "0-1"]
[WhiteElo "1567"]
[BlackElo "1837"]
[PlyCount "72"]
[EventDate "2012.06.30"]
[EventType "swiss"]
[EventRounds "9"]
[EventCountry "CZE"]
[SourceTitle "EXT 2014"]
[Source "ChessBase"]
[SourceDate "2013.11.20"]
[SourceVersion "1"]
[SourceVersionDate "2013.11.20"]
[SourceQuality "1"]

1. e4 e6 2. d4 d5 3. exd5 exd5 4. Bd3 Nf6 5. Bg5 Bd6 6. Nf3 0-0 7. 0-0 c6 8. c3 Bg4 9. Nbd2 Nbd7 10. Qc2 h6 11. Bh4 Re8 12. Rae1 Qc7 13. Bg3 Rxe1 14. Rxe1 Re8 15. Qb1 Bxf3 16. Nxf3 Bxg3 17. hxg3 Qb8 18. Bf5 Qd8 19. a4 Nf8 20. Ne5 N6d7 21. f4 Nxe5 22. fxe5 Qg5 23. Qd3 Ne6 24. Bxe6 Rxe6 25. Qe3 Qxe3+ 26. Rxe3 f6 27. Kf2 fxe5 28. Rxe5 Rxe5 29. dxe5 Kf7 30. Ke3 c5 31. b4 b6 32. bxc5 bxc5 33. Kd3 Ke6 34. c4 Kxe5 35. Kc3 d4+ 36. Kd3 Kf5 0-1

[Event "Karvina op"]
[Site "Karvina"]
[Date "2011.07.06"]
[Round "5"]
[White "Konecny, Vladimir"]
[Black "Neumann, Joachim"]
[Result "0-1"]
[WhiteElo "1838"]
[BlackElo "2135"]
[PlyCount "112"]
[EventDate "2011.07.02"]
[EventType "swiss"]
[EventRounds "9"]
[EventCountry "CZE"]
[SourceTitle "CBM 143 Extra"]
[Source "ChessBase"]
[SourceDate "2011.08.29"]
[SourceVersion "1"]
[SourceVersionDate "2011.08.29"]
[SourceQuality "1"]

1. d4 Nf6 2. Nf3 e6 3. e3 b6 4. g3 d5 5. Nbd2 Bd6 6. c4 0-0 7. Bg2 Ba6 8. b3 Nbd7 9. 0-0 Rc8 10. Bb2 Qe7 11. Rc1 Rfd8 12. Rc2 c5 13. Qa1 dxc4 14. dxc5 Nxc5 15. bxc4 Nd3 16. Bc3 Bb4 17. Rd1 Bxc3 18. Rxc3 Nc5 19. Nd4 Bb7 20. N4b3 Bxg2 21. Kxg2 Na4 22. Rcc1 Rc7 23. Qe5 Rcd7 24. Rc2 Rd3 25. Nd4 Qb7+ 26. Kg1 Nc5 27. Rf1 Nfd7 28. Qg5 f6 29. Qg4 Ne5 30. Qe2 Nc6 31. N2b3 Nxb3 32. Qxd3 Nbxd4 33. exd4 Nxd4 34. Rc3 Rd6 35. Qe3 e5 36. f4 e4 37. f5 Qc6 38. Rf4 Nf3+ 39. Rxf3 exf3 40. Kf2 Kf7 41. c5 bxc5 42. Rxc5 Rd2+ 43. Qxd2 Qxc5+ 44. Qe3 Qxe3+ 45. Kxe3 Ke7 46. Kxf3 Kd6 47. Ke4 Kc5 48. Kd3 Kb4 49. Kc2 Kc4 50. g4 h5 51. h3 Kd4 52. Kb3 Ke4 53. Kb4 h4 54. Kb5 Kf3 55. Ka6 Kg3 56. Kxa7 Kxh3 0-1

[Event "Karvina op"]
[Site "Karvina"]
[Date "2011.07.04"]
[Round "3"]
[White "Konecny, Vladimir"]
[Black "Olsar, Jaroslav"]
[Result "0-1"]
[WhiteElo "1838"]
[BlackElo "2249"]
[PlyCount "30"]
[EventDate "2011.07.02"]
[EventType "swiss"]
[EventRounds "9"]
[EventCountry "CZE"]
[SourceTitle "CBM 143 Extra"]
[Source "ChessBase"]
[SourceDate "2011.08.29"]
[SourceVersion "1"]
[SourceVersionDate "2011.08.29"]
[SourceQuality "1"]

1. d4 d5 2. c4 c6 3. cxd5 cxd5 4. Nc3 Nc6 5. Nf3 Nf6 6. e3 Bf5 7. a3 e6 8. Qa4 Bd6 9. Bd2 a6 10. Ne5 Bxe5 11. dxe5 Nd7 12. f4 Nc5 13. Qd1 d4 14. Na4 Ne4 15. b4 Qh4+ 0-1

[Event "Karvina op"]
[Site "Karvina"]
[Date "2011.07.03"]
[Round "2"]
[White "Lipus, Drahomir"]
[Black "Konecny, Vladimir"]
[Result "0-1"]
[WhiteElo "1559"]
[BlackElo "1838"]
[PlyCount "112"]
[EventDate "2011.07.02"]
[EventType "swiss"]
[EventRounds "9"]
[EventCountry "CZE"]
[SourceTitle "CBM 143 Extra"]
[Source "ChessBase"]
[SourceDate "2011.08.29"]
[SourceVersion "1"]
[SourceVersionDate "2011.08.29"]
[SourceQuality "1"]

1. d4 d5 2. c4 e6 3. Nf3 Nf6 4. Nc3 Be7 5. cxd5 exd5 6. Bf4 c6 7. e3 Bf5 8. Qb3 Qc8 9. Be2 Nbd7 10. Ne5 0-0 11. Nxd7 Qxd7 12. 0-0 Ne4 13. Nxe4 Bxe4 14. Bd3 Bxd3 15. Qxd3 Rfd8 16. Rfd1 b5 17. b3 a5 18. Rac1 a4 19. Rc2 axb3 20. Qxb3 Ra3 21. Qb1 Rda8 22. Rdd2 h6 23. h3 Qf5 24. Qd1 Bb4 25. Re2 Bc3 26. g4 Qg6 27. f3 Qf6 28. Kg2 Qe7 29. e4 Qd7 30. Bc1 dxe4 31. fxe4 Bxd4 32. Bxa3 Rxa3 33. Rcd2 c5 34. Qc1 Qa7 35. Qc2 Rc3 36. Qd1 Qb8 37. Rd3 Rc4 38. Qf1 Ra4 39. Qf5 Qa8 40. Rf3 f6 41. Qe6+ Kh8 42. Rf5 Be5 43. Rf3 c4 44. a3 c3 45. Qd5 Qxd5 46. exd5 Rxa3 47. Rd3 b4 48. d6 Ra8 49. d7 Rd8 50. h4 Kg8 51. g5 Kf7 52. g6+ Kxg6 53. Kh3 Kf7 54. Rg2 b3 55. Rg1 b2 56. Rf1 c2 0-1